| 000 | 00792nam a22001337a 4500 | ||
|---|---|---|---|
| 040 | _cRUA | ||
| 082 | _aVEM SAM 2023 B1-526 Or. | ||
| 100 | _aSAM ANGI,ស៊ឹម អេនជី | ||
| 245 | _aTHE ANTIBODY TITER OF NEWCASTLE DISEASES OF CHICKENS AT THE VETERINARY EXPERIMENTAL STATION OF THE ROYAL UNIVERSITY OF AGRICULTURE,កម្រិតអង់ទីករនៃជំងឺញ៉ូវកាសលើមាន់នៅស្ថានីយពីសោធន៍វេជ្ជសាស្រ្តសត្វនៃសាកលវិទ្យាល័យភូមិន្ទកសិកម្ម | ||
| 260 |
_aphnom penh _brua _c2023 |
||
| 300 |
_aviii.34p. _bill. _c29cm. |
||
| 856 | _uhttps://drive.google.com/file/d/1aWfrjiq42I8ZDLAUfvK6Sn7Xl3Vt6TSf/view?usp=sharing | ||
| 942 | _cVEM | ||
| 999 |
_c23091 _d23091 |
||